| 000 | 00465nam a2200097Ia 4500 | ||
|---|---|---|---|
| 008 | 180130s9999 xx 000 0 und d | ||
| 245 |
_cYamato, Yoji; Muroi, Masahito; Tanaka, Kentaro; Uchimura, Mitsutomo _aDevelopment of template management technology for easy deployment of virtual resources on OpenStack |
||
| 260 | _c2016 | ||
| 300 | _aBook title: Networking, models and methods of cloud computing--Acession number C20732; pages 172-183 | ||
| 650 | _aCLOUD COMPUTING | ||
| 999 |
_c353802 _d353802 |
||